| 000 | 00929cam a2200277 a 4500 | ||
|---|---|---|---|
| 001 | 000008260 | ||
| 005 | 20200929161323.0 | ||
| 008 | 760821s1990 sp 000 f spa d | ||
| 020 | _a8420633305 | ||
| 035 | _a(DLC) 76474501 | ||
| 040 |
_aDO-SdBNP _bspa _cDLC _dBNPHU |
||
| 082 |
_a863.5 _bP438t |
||
| 100 | 1 |
_aPérez Galdós, Benito, _d1843-1920 _93681 |
|
| 245 | 1 | 0 |
_aTristana / _cBenito Pérez Galdós ; introducción de Ricardo Gullón. |
| 260 |
_aMadrid : _bAlianza, _c1990. |
||
| 300 |
_a236 p. ; _c18 cm. |
||
| 490 | 1 |
_aBiblioteca Pérez Galdós. _aLibro de bolsillo |
|
| 500 | _aEl primer ejemplar es la tercera reimpresión del 1999. | ||
| 650 | 4 |
_aNovela española _91123 |
|
| 650 | 4 |
_aLiteratura española _ySIGLO XX _93326 |
|
| 700 | 1 |
_aGullón, Ricardo, _eintrod. _922387 |
|
| 830 | 0 |
_aBiblioteca Pérez Galdós. _pLibro de bolsillo _922388 |
|
| 910 | _aCatalogación derivada. | ||
| 910 | _aWM | ||
| 049 | _aBNGR | ||
| 999 |
_c8031 _d8031 |
||